1443 1648 1538 1076 1935 1108 1905 1463 1334 1851 1694 1306 1208 1962 1452 1286 1609 1070 1666 1348 1156 1567 1412 1949 1391 1766 1033 1889 1104 1020 1471 1452 1240 1226 1670 1506 1031 1888 1103 1190 1635 1580 1027 1912 1318 1690 1238 1869 1664 1384 1669 1159 1964 1144 1884 1561 1290 1188 1609 1451 1031 1715 1282 1748 1679 1279 1021 1048 1487 1051 1526 1890 1753 1135 1178 1288 1726 1479 1587 1954 1357 1613 1673 1363 1854 1531 1026 1197 1499 1140 1918 1887 1432 1651 1592 1284 1838 1328 1559 BCNSPRNW ULIB Ver.6.0+V

เปลี่ยนเป็นภาษาไทย

Change to English
 แสดงรายละเอียดบรรณานุกรม
  กลับหน้าหลัก

Brief Record : Get Marc (ISO 2709) : E-mail record : QR code < ปิดหน้าต่าง
LEADER : 00000nam 2200000uu 4500
001    13399109592
003     ULIB
008    110405s2547||||th 000 0 tha d
020    974925774x
060 04 WB395^bศ315ร 2547
245 00 ธรรมชาติบำบัด :^bศิลปะการเยียวยาร่างกายและจิตใจเพื่อสมดุลของชีวิต /^cศรีสุดา ชมพันธ์, อธิษฐาน์ คงทรัพย์, เพียงพร ลาภคล้อยมา เรียบเรียง
250    พิมพ์ครั้งที่ 1
260    กรุงเทพฯ :^bสวนเงินมีมา,^c2547
300    154 หน้า :^bภาพประกอบ ;^c21 ซม.
440  0 ชุดวิถีชีวิตใหม่
650  7 การดูแลสุขภาพด้วยตนเอง
650  7 การรักษาด้วยธรรมชาติ
650  7 การล้างพิษ
650  7 ธรรมชาติบำบัด
650  7 อาหาร
650  7 อาหารเพื่อสุขภาพ
700 0  ศรีสุดา ชมพันธ์,^eผู้เรียบเรียง
700 0  อธิษฐาน์ คงทรัพย์,^eผู้เรียบเรียง
700 0  เพียงพร ลาภคล้อยมา,^eผู้เรียบเรียง
945    ^p160^l0^i017048
995    ทศพร
999 ^a ใช้งานได้ทุกระบบ
รายการนี้ยังไม่มีแท็ก
คุณยังไม่ได้ล็อกอิน คุณสามารถมีกิจกรรมร่วมกับเว็บไซต์ได้ แต่ต้องล็อกอินก่อน ::
  ล็อกอิน

รายการสื่อสารสนเทศ

ลำดับที่ ประเภท เลขเรียก/บาร์โค้ด สถานที่ สถานะ
- ไม่พบข้อมูล -

รายการใกล้เคียง
    หัวเรื่อง [การดูแลสุขภาพด้วยตนเอง]
    หัวเรื่อง [การรักษาด้วยธรรมชาติ]
    หัวเรื่อง [การล้างพิษ]
    หัวเรื่อง [ธรรมชาติบำบัด]
    หัวเรื่อง [อาหาร]
    หัวเรื่อง [อาหารเพื่อสุขภาพ]

BibComment


ยังไม่เคยถูกคอมเมนท์

คอมเมนท์ทรัพยากรรายการนี้
  คอมเมนท์: ธรรมชาติบำบัด ศิ..


 Copyright 2026. Bcnsprnw @Library